Tác phẩm chọn lọc Quyển 1
...
Đã lưu trong:
| Tác giả chính: | |
|---|---|
| Định dạng: | Sách |
| Năm xuất bản: |
H.
Hội nhà văn
2018
|
| Chủ đề: | |
| Tags: |
Thêm thẻ
Không có thẻ, Hãy là người đầu tiên gắn thẻ bản ghi này!
|
| LEADER | 00730nam a2200157 4500 | ||
|---|---|---|---|
| 999 | |c 15868 |d 15868 | ||
| 082 | |a 895.922334 |b Đ450QU | ||
| 100 | |a Đỗ Quang Tiến | ||
| 245 | |a Tác phẩm chọn lọc |c Đỗ Quang Tiến |n Quyển 1 | ||
| 260 | |a H. |b Hội nhà văn |c 2018 | ||
| 300 | |c 21 cm |a 332 tr. | ||
| 500 | |a ĐTTS ghi: Liên hiệp các hội văn học nghệ thuật Việt Nam. Hội văn nghệ các dân tộc thiểu số Việt Nam | ||
| 520 | |a ... | ||
| 653 | |a Văn học |a Việt Nam |a Dân tộc thiểu sô |a Truyện ngắn |a Ký |a Tiểu thuyết | ||
| 942 | |2 ddc |c SH | ||
| 952 | |0 0 |1 0 |2 ddc |4 0 |6 895_922334000000000_Đ450QU |7 0 |8 800 |9 118049 |a qbu |b qbu |c D5 |d 2020-05-25 |g 80000 |o 895.922334 Đ450QU |p 13032.C1 |r 2020-05-25 |w 2020-05-25 |y SH | ||